000 00485nam a2200169 i 4500
001 63718
003 ES-MaACL
005 20260305063018.0
007 t|
008 031216s1971 sp ||||1| spa d
100 0 _aFierro Bardaji, Alfredo
_950713
245 1 3 _aEl proyecto teológico de Teilhard de Chardin /
_cAlfredo Fierro.
260 _aSalamanca :
_bSígueme,
_c1971.
300 _a653 p. ;
_c22 cm.
852 _aES-MaACL
_jC-44592
_bR.78757
999 _c63718
_d63718